[Event "Fast February Frolic"]
[Site "SchemingMind.com"]
[Date "2007.02.18"]
[Round "-"]
[White "kobby"]
[Black "Zugzwang"]
[Result "1-0"]
[WhiteCountry "ENG"]
[BlackCountry "CAN"]
[WhiteElo "1568"]
[WhiteRD "76"]
[BlackElo "1446"]
[BlackRD "58"]
[GameID "92768"]

1. e3 e5 2. d4 exd4 3. Qxd4 Nc6 4. Qd1 Bd6 5. Nf3 Nf6 6. a3 O-O 7. Bb5 Qe7 8. b4 a6 9. Bxc6 dxc6 10. O-O Bg4
11. h3 Bxf3 12. Qxf3 Qe5 13. Re1 Qxa1 14. Bd2 Qe5 15. g3 Rad8 16. e4 Bc5 17. bxc5 Qxc5 18. Bb4 Qxc2 19. Bxf8 Kxf8 20. e5 Nd5
21. e6
1-0

[Event "Fast February Frolic"]
[Site "SchemingMind.com"]
[Date "2007.02.18"]
[Round "-"]
[White "Zugzwang"]
[Black "kobby"]
[Result "0-1"]
[WhiteCountry "CAN"]
[BlackCountry "ENG"]
[WhiteElo "1446"]
[WhiteRD "58"]
[BlackElo "1568"]
[BlackRD "76"]
[GameID "92769"]

1. d4 e6 2. Nf3 d5 3. e3 c5 4. c3 Nf6 5. Bd3 c4 6. Bc2 b5 7. O-O a5 8. Nbd2 Nc6 9. Qe2 a4 10. Re1 b4
11. e4 a3 12. Rb1 axb2 13. Bxb2 bxc3 14. Bxc3 Rxa2 15. Rb2 Rxb2 16. Bxb2 Bb4 17. exd5 Nxd5 18. Nxc4 Bxe1 19. Qxe1 O-O 20. Nfe5 Ncb4
21. Bb1 Ba6 22. Qe4 g6 23. Ne3 Qb6 24. Nxd5 Nxd5 25. Bc1 Nc3 26. Qe3 Ne2+ 27. Kh1 Qxb1
0-1

[Event "Fast February Frolic"]
[Site "SchemingMind.com"]
[Date "2007.02.18"]
[Round "-"]
[White "Deceptor"]
[Black "Zugzwang"]
[Result "1-0"]
[WhiteCountry "USA"]
[BlackCountry "CAN"]
[WhiteElo "1668"]
[WhiteRD "251"]
[BlackElo "1446"]
[BlackRD "58"]
[GameID "92812"]

1. d4 f5 2. Bg5 b6 3. c4 Bb7 4. Nf3 h6 5. Bf4 e6 6. Nc3 c6 7. Bxb8 Rxb8 8. e3 d5 9. cxd5 cxd5 10. Bb5+ Ke7
11. Ne5 Nf6 12. Ng6+ Kd6 13. Nxh8 Qe7 14. Ng6
1-0

[Event "Fast February Frolic"]
[Site "SchemingMind.com"]
[Date "2007.02.18"]
[Round "-"]
[White "Deceptor"]
[Black "kobby"]
[Result "0-1"]
[WhiteCountry "USA"]
[BlackCountry "ENG"]
[WhiteElo "1330"]
[WhiteRD "122"]
[BlackElo "1547"]
[BlackRD "72"]
[GameID "92813"]

1. d4 e6 2. Nf3 d5 3. c4 c6 4. e3 Nf6 5. Nc3 Bb4 6. a3 Bxc3+ 7. bxc3 O-O 8. cxd5 cxd5 9. c4 dxc4 10. Bxc4 Ne4
11. Nd2 Nf6 12. Nf3 b5 13. Bd3 a6 14. O-O Bb7 15. Ne5 Qd5 16. Qf3 Qxf3 17. Nxf3 Bxf3 18. gxf3 Nbd7 19. e4 e5 20. d5 Nc5
21. Bc2 Rfd8 22. Bb2 Nfd7 23. Kh1 f6 24. Rg1 Kf7 25. Rg4 Nb6 26. Rag1 g6 27. f4 Nc4 28. Bc1 exf4 29. Bxf4 Nxa3 30. Be3 Nd7
31. Bb3 Ke7 32. f4 Rac8 33. Rc1 Rxc1+ 34. Bxc1 b4 35. Bxa3 bxa3 36. Rg3 Nc5 37. Bc2 Rb8 38. Rxa3 Rb2 39. Rc3 Kd6 40. Kg2 Nxe4
41. Rc6+ Kxd5
0-1

[Event "Fast February Frolic"]
[Site "SchemingMind.com"]
[Date "2007.02.18"]
[Round "-"]
[White "Zugzwang"]
[Black "Deceptor"]
[Result "1-0"]
[WhiteCountry "CAN"]
[BlackCountry "USA"]
[WhiteElo "1478"]
[WhiteRD "59"]
[BlackElo "1330"]
[BlackRD "122"]
[GameID "92814"]

1. d4 Nf6 2. Nf3 g6 3. e3 Bg7 4. Be2 O-O 5. b3 d5 6. O-O c6 7. Bb2 Bg4 8. Nbd2 Qc7 9. h3 Bxf3 10. Nxf3 Nbd7
11. Re1 Ne4 12. Rc1 Rfe8 13. c4 e6 14. cxd5 exd5 15. b4 Qb6 16. Qb3 Rac8 17. Bd3 Ndf6 18. a4
1-0

[Event "Fast February Frolic"]
[Site "SchemingMind.com"]
[Date "2007.02.18"]
[Round "-"]
[White "kobby"]
[Black "Deceptor"]
[Result "1-0"]
[WhiteCountry "ENG"]
[BlackCountry "USA"]
[WhiteElo "1547"]
[WhiteRD "72"]
[BlackElo "1330"]
[BlackRD "122"]
[GameID "92815"]

1. e3 e5 2. d4 e4 3. c4 c5 4. Nc3 Nf6 5. Be2 d5 6. cxd5 Nxd5 7. Bb5+ Bd7 8. Qa4 Nxc3 9. Bxd7+ Qxd7 10. Qxd7+ Nxd7
11. bxc3 Nf6 12. Ba3 b6 13. Ne2 Rd8 14. O-O Bd6 15. Rab1 cxd4 16. Bxd6 Rxd6 17. cxd4 O-O 18. Ng3 Rc8 19. Nf5 Rd7 20. Rb5 Rc2
21. a4 Ra2 22. Rb4 g6 23. Ng3 h5 24. h4 Rd5 25. Rc1 Ra5 26. Rc6 Kg7 27. Rc7 R2xa4 28. Rxa4 Rxa4 29. f3 exf3 30. gxf3 Nd5
31. Rd7 Nxe3 32. Ne4 a5 33. Ng5 Kf8 34. Rxf7+ Ke8 35. Rf6 Rxd4 36. Re6+ Kd7 37. Rxe3 Rxh4 38. Re6 b5 39. Rxg6 a4 40. Ne4 Rf4
41. Kf2 h4 42. Rb6 h3 43. Rxb5 h2 44. Rb1
1-0

[Event "Fast February Frolic"]
[Site "SchemingMind.com"]
[Date "2007.02.18"]
[Round "-"]
[White "ekulrac"]
[Black "Zugzwang"]
[Result "1-0"]
[WhiteCountry "SCO"]
[BlackCountry "CAN"]
[WhiteElo "1712"]
[WhiteRD "49"]
[BlackElo "1446"]
[BlackRD "58"]
[GameID "92817"]

1. e4 e5 2. Nf3 Nf6 3. Nxe5 d6 4. Nf3 Nxe4 5. d3 Nf6 6. Be2 Be7 7. Nc3 O-O 8. O-O c5 9. h3 Bd7 10. a4 Qb6
11. d4 cxd4 12. Nxd4 Nc6 13. Ndb5 Ne5 14. Bg5 Rad8 15. Be3 Qa5 16. Bxa7 Nc4 17. Bxc4 Qb4 18. b3 Bxb5 19. Nxb5
1-0

[Event "Fast February Frolic"]
[Site "SchemingMind.com"]
[Date "2007.02.18"]
[Round "-"]
[White "ekulrac"]
[Black "kobby"]
[Result "1-0"]
[WhiteCountry "SCO"]
[BlackCountry "ENG"]
[WhiteElo "1711"]
[WhiteRD "50"]
[BlackElo "1547"]
[BlackRD "72"]
[GameID "92818"]

1. e4 e6 2. d4 d5 3. Nd2 c5 4. Ngf3 cxd4 5. Nxd4 Bb4 6. c3 Be7 7. e5 Bc5 8. N2f3 Qa5 9. Bd2 Qb6 10. Qc2 Nc6
11. Be3 Nge7 12. Bd3 h6 13. O-O Qc7 14. Nb5 Qd8 15. Bxc5 a6 16. Nd6+ Kf8 17. Rae1 b6 18. Bd4 g6 19. Nd2 Qc7 20. f4 h5
21. Nf3 Bd7 22. Ng5 Be8 23. f5 Nxf5 24. Bxf5 gxf5 25. Qd2 Rg8 26. Qe3 b5 27. Nh7+ Ke7 28. Nxe8 Rgxe8 29. Qg5+ Kd7 30. Nf6+ Kd8
31. Nxd5+ Kc8 32. Nxc7 Kxc7 33. a4 Ne7 34. a5 Nd5 35. c4 bxc4 36. Rc1 Kc6 37. Rxc4+ Kd7 38. Rfc1 Rh8 39. Qd2 Rab8 40. Bb6 Ke7
41. Rc7+ Nxc7 42. Qd6+ Ke8 43. Rxc7
1-0

[Event "Fast February Frolic"]
[Site "SchemingMind.com"]
[Date "2007.02.18"]
[Round "-"]
[White "ekulrac"]
[Black "Deceptor"]
[Result "1-0"]
[WhiteCountry "SCO"]
[BlackCountry "USA"]
[WhiteElo "1711"]
[WhiteRD "50"]
[BlackElo "1330"]
[BlackRD "122"]
[GameID "92819"]

1. e4 c5 2. Nf3 Nc6 3. Bc4 e6 4. Nc3 a6 5. a4 d6 6. d3 Nf6 7. Bg5 Be7 8. O-O O-O 9. h3 Nd7 10. Bxe7 Qxe7
11. d4 cxd4 12. Nxd4 Nde5 13. b3 Nxc4 14. bxc4 Nxd4 15. Qxd4 Qc7 16. Rad1
1-0

[Event "Fast February Frolic"]
[Site "SchemingMind.com"]
[Date "2007.02.18"]
[Round "-"]
[White "Zugzwang"]
[Black "ekulrac"]
[Result "0-1"]
[WhiteCountry "CAN"]
[BlackCountry "SCO"]
[WhiteElo "1478"]
[WhiteRD "59"]
[BlackElo "1711"]
[BlackRD "50"]
[GameID "92820"]

1. d4 d5 2. Nf3 Nf6 3. e3 e6 4. Bd3 b6 5. O-O Be7 6. Nbd2 Bb7 7. Qe2 c5 8. c3 c4 9. Bc2 O-O 10. Re1 Nbd7
11. e4 dxe4 12. Nxe4 Bd5 13. Nxf6+ Bxf6 14. Bf4 g6 15. Ng5 Bxg5 16. Bxg5 Qxg5 17. Be4 Rac8 18. Rad1 Nf6 19. Bxd5 Nxd5 20. h3 b5
21. Qf3 a5 22. Re5 Qf4 23. Qxf4 Nxf4 24. Rxb5 a4 25. b3 Ne2+ 26. Kh2 Nxc3
0-1

[Event "Fast February Frolic"]
[Site "SchemingMind.com"]
[Date "2007.02.18"]
[Round "-"]
[White "kobby"]
[Black "ekulrac"]
[Result "0-1"]
[WhiteCountry "ENG"]
[BlackCountry "SCO"]
[WhiteElo "1568"]
[WhiteRD "76"]
[BlackElo "1712"]
[BlackRD "49"]
[GameID "92821"]

1. e3 e5 2. d4 e4 3. c4 d5 4. Nc3 c6 5. c5 Nf6 6. h3 Be7 7. Nge2 O-O 8. Nf4 Nbd7 9. Nh5 Nxh5 10. Qxh5 f5
11. Qd1 Bg5 12. Be2 f4 13. exf4 Bxf4 14. Bxf4 Rxf4 15. Qb3 e3 16. fxe3 Qh4+ 17. Kd1 Rf2 18. Bf3 Nf6 19. e4 Qg3 20. exd5 Qf4
21. dxc6+ Kh8 22. Be2 bxc6 23. Qc4 a5 24. Qd3 Ba6 25. Qf3 Rxf3 26. Bxf3 Qxd4+ 27. Kc2 Bd3+ 28. Kc1 Qe3+ 29. Kd1 Rd8 30. Re1 Bb1+
31. Nd5 Qd3+ 32. Kc1 Qc2#
0-1

[Event "Fast February Frolic"]
[Site "SchemingMind.com"]
[Date "2007.02.18"]
[Round "-"]
[White "Deceptor"]
[Black "ekulrac"]
[Result "0-1"]
[WhiteCountry "USA"]
[BlackCountry "SCO"]
[WhiteElo "1330"]
[WhiteRD "122"]
[BlackElo "1711"]
[BlackRD "50"]
[GameID "92822"]

1. d4 d5 2. c4 e6 3. Nf3 Nf6 4. g3 c6 5. Qc2 Nbd7 6. Bg2 Bd6 7. O-O O-O 8. Rd1 Ne4 9. Nbd2 f5 10. b3 c5
11. Ba3 b6 12. cxd5 exd5 13. e3 Ndf6 14. Nxe4 fxe4 15. dxc5 exf3 16. cxd6 fxg2 17. d7 Bxd7 18. Bxf8 Qxf8 19. Kxg2 Rc8
0-1

[Event "Fast February Frolic"]
[Site "SchemingMind.com"]
[Date "2007.02.18"]
[Round "-"]
[White "megapixel"]
[Black "Zugzwang"]
[Result "1/2-1/2"]
[WhiteCountry "ENG"]
[BlackCountry "CAN"]
[WhiteElo "1753"]
[WhiteRD "99"]
[BlackElo "1478"]
[BlackRD "59"]
[GameID "92881"]

1. e4 e5 2. Nf3 Nf6 3. Nxe5 d6 4. Nf3 Nxe4 5. Nc3 Qe7 6. Qe2 Bf5 7. Nxe4 Bxe4 8. d3 Bxf3 9. Qxe7+ Bxe7 10. gxf3 O-O
11. Be3 Re8 12. O-O-O b5 13. d4 b4 14. Bd3 a5 15. h4 c5 16. dxc5 dxc5 17. Bc4 Nc6 18. Bb5 Rec8 19. Rd7 Bf6 20. f4 Nd4
21. Bc4 Ne6 22. f5 Nd8 23. h5 Kf8 24. Rhd1 a4 25. R1d5 a3 26. b3 Nc6 27. Bxc5+ Kg8 28. Be3 Na5 29. Rxa5 Rxa5 30. Rxf7 Kh8
31. Rb7 Rxf5 32. h6 gxh6 33. Kd2 Rd8+ 34. Bd3 Bc3+ 35. Ke2 Rf6 36. Rxh7+=
1/2-1/2

[Event "Fast February Frolic"]
[Site "SchemingMind.com"]
[Date "2007.02.18"]
[Round "-"]
[White "megapixel"]
[Black "kobby"]
[Result "1-0"]
[WhiteCountry "ENG"]
[BlackCountry "ENG"]
[WhiteElo "1753"]
[WhiteRD "99"]
[BlackElo "1547"]
[BlackRD "72"]
[GameID "92882"]

1. e4 e6 2. d4 d5 3. Nc3 a6 4. Nf3 Bb4 5. exd5 Bxc3+ 6. bxc3 Qxd5 7. c4 Qd8 8. Bd3 c5 9. dxc5 Qa5+ 10. Qd2 Qxc5
11. Bb2 Nf6 12. Bd4 Qe7 13. Ne5 Nbd7 14. Nxd7 Bxd7 15. O-O Bc6 16. Qa5 Nd7 17. Rfe1 Qh4 18. Be3 Nf6 19. Qg5 Qxg5 20. Bxg5 Nd7
21. Be3 h6 22. f4 Nf6 23. Bc5 Nd7 24. Bd6 b6 25. f5 e5 26. Bxe5 O-O 27. Bc3 Rfe8 28. Bd4 b5 29. c3 bxc4 30. Bxc4 Bb5
31. Bd5 Rab8 32. c4 Ba4 33. Kf2 Rxe1 34. Rxe1 Bc2 35. Re7 Kh7 36. Rxd7 f6 37. Bxf6 Bxf5 38. Rxg7+ Kh8 39. Rb7#
1-0

[Event "Fast February Frolic"]
[Site "SchemingMind.com"]
[Date "2007.02.18"]
[Round "-"]
[White "megapixel"]
[Black "ekulrac"]
[Result "0-1"]
[WhiteCountry "ENG"]
[BlackCountry "SCO"]
[WhiteElo "1753"]
[WhiteRD "99"]
[BlackElo "1711"]
[BlackRD "50"]
[GameID "92883"]

1. e4 Nc6 2. Nf3 e5 3. d4 exd4 4. Bc4 Nf6 5. e5 d5 6. Bb5 Ne4 7. Nxd4 Bc5 8. Be3 O-O 9. Nxc6 bxc6 10. Bxc5 Nxc5
11. Bxc6 Rb8 12. b3 Be6 13. Qd4 Qe7 14. Nc3 Kh8 15. O-O Rbd8 16. f4 f5 17. Qf2 Ne4 18. Nxe4 dxe4 19. Rfd1 Qb4 20. Qxa7 Qc3
21. Ba4 Qxc2 22. Rdc1 Qb2 23. Rcb1 Qc3 24. Rc1 Qd2 25. Rxc7 e3 26. Rxg7 Qd1+
0-1

[Event "Fast February Frolic"]
[Site "SchemingMind.com"]
[Date "2007.02.18"]
[Round "-"]
[White "megapixel"]
[Black "Deceptor"]
[Result "1-0"]
[WhiteCountry "ENG"]
[BlackCountry "USA"]
[WhiteElo "1753"]
[WhiteRD "99"]
[BlackElo "1330"]
[BlackRD "122"]
[GameID "92884"]

1. e4 c5 2. Nc3 Nc6 3. f4 g6 4. Nf3 Bg7 5. Bb5 Nd4 6. O-O Nxb5 7. Nxb5 a6 8. Nc3 d6 9. d3 Nf6 10. Qe1 b5
11. Rb1
1-0

[Event "Fast February Frolic"]
[Site "SchemingMind.com"]
[Date "2007.02.18"]
[Round "-"]
[White "Zugzwang"]
[Black "megapixel"]
[Result "0-1"]
[WhiteCountry "CAN"]
[BlackCountry "ENG"]
[WhiteElo "1478"]
[WhiteRD "59"]
[BlackElo "1753"]
[BlackRD "99"]
[GameID "92885"]

1. d4 Nf6 2. Nf3 e6 3. e3 c5 4. c3 d5 5. Bd3 Be7 6. O-O O-O 7. Nbd2 b6 8. Qe2 Bb7 9. Re1 Nc6 10. e4 Re8
11. e5 Nd7 12. Nf1 Nf8 13. Ng3 a6 14. Nh5 g6 15. Nf6+ Bxf6 16. exf6 Qxf6 17. Bg5 Qh8 18. Nh4 f6 19. Bh6 cxd4 20. cxd4 f5
21. Bxf8 Kxf8 22. Nf3 Nxd4 23. Nxd4 Qxd4 24. Rac1 b5 25. Red1 Qf4 26. Rc2 Qd6 27. Rdc1 Rac8 28. h3 Rxc2 29. Rxc2 e5 30. Rc3 d4
31. Rb3 e4 32. Bc4 Bc6
0-1

[Event "Fast February Frolic"]
[Site "SchemingMind.com"]
[Date "2007.02.19"]
[Round "-"]
[White "kobby"]
[Black "megapixel"]
[Result "0-1"]
[WhiteCountry "ENG"]
[BlackCountry "ENG"]
[WhiteElo "1547"]
[WhiteRD "72"]
[BlackElo "1753"]
[BlackRD "99"]
[GameID "92886"]

1. e3 Nf6 2. d4 e6 3. c4 Bb4+ 4. Bd2 Bxd2+ 5. Qxd2 d6 6. Nf3 Nbd7 7. Bd3 O-O 8. h3 e5 9. dxe5 dxe5 10. Nc3 Re8
11. Bc2 b6 12. Ng5 Bb7 13. O-O Nc5 14. Qe2 Qe7 15. Rad1 Rad8 16. Nb5 a6 17. Nc3 e4 18. b4 Ncd7 19. Rd4 Qxb4 20. Ncxe4 Nxe4
21. Nxe4 Bxe4 22. Bxe4 c5 23. Rb1 Qa4 24. Bc2 Qc6 25. Rh4 Nf6 26. Rd1 Qe6 27. Rf4 Rxd1+ 28. Qxd1 Qe5 29. Ba4 Rb8 30. Bb3 Ne4
31. Qc2 Nf6 32. g4 Rd8 33. Rf5 Qe4 34. Qxe4 Nxe4 35. Re5 Nd2 36. Rd5 Rxd5= 37. cxd5 Nxb3 38. axb3 Kf8 39. Kf1 Ke7 40. Ke2 Kd6
41. e4 f6 42. f4 b5 43. Kd3 a5 44. Kc3 h6 45. h4 Kd7 46. Kd3 Kd6 47. Ke3 Kd7 48. g5 Kd6 49. gxh6 gxh6 50. Kf3 a4
51. bxa4 bxa4 52. Kg4 a3 53. Kf5 a2 54. Kxf6 a1=Q+ 55. Kg6 c4 56. Kxh6 Qh8+ 57. Kg5 Qg7+ 58. Kh5 c3 59. e5+ Kxd5
0-1

[Event "Fast February Frolic"]
[Site "SchemingMind.com"]
[Date "2007.02.18"]
[Round "-"]
[White "ekulrac"]
[Black "megapixel"]
[Result "1/2-1/2"]
[WhiteCountry "SCO"]
[BlackCountry "ENG"]
[WhiteElo "1711"]
[WhiteRD "50"]
[BlackElo "1753"]
[BlackRD "99"]
[GameID "92887"]

1. e4 c5 2. Nf3 g6 3. Bc4 Bg7 4. O-O Nc6 5. d3 d6 6. Re1 Nf6 7. d4 cxd4 8. Nxd4 O-O 9. c3 Nd7 10. Na3 Nb6
11. Bb3 Bd7 12. Be3 Rc8 13. f4 Na5 14. Bc2 Nac4 15. Nxc4 Nxc4 16. Bc1 Qa5 17. f5 Ne5 18. Bg5 Rce8 19. Bb3 Qc5 20. Kh1 b5
21. Rf1 a5 22. Bxe7 Rxe7 23. f6 Bxf6 24. Rxf6 Nc4 25. Bxc4 Qxc4 26. Rxd6 Rfe8 27. e5 Bc8 28. e6 Bb7 29. Qb3 fxe6 30. Qxb5 Qxb5
31. Nxb5 Rf7 32. Rd2 Ref8 33. Kg1 Ba6 34. a4 e5 35. Rd6 Bb7 36. Rd2 Rf4 37. b3 h5=
1/2-1/2

[Event "Fast February Frolic"]
[Site "SchemingMind.com"]
[Date "2007.02.18"]
[Round "-"]
[White "Deceptor"]
[Black "megapixel"]
[Result "0-1"]
[WhiteCountry "USA"]
[BlackCountry "ENG"]
[WhiteElo "1330"]
[WhiteRD "122"]
[BlackElo "1753"]
[BlackRD "99"]
[GameID "92888"]

1. d4 Nf6 2. c4 e6 3. Nf3 Bb4+ 4. Nbd2 b6 5. a3 Bxd2+ 6. Qxd2 Bb7 7. e3 O-O 8. b4 d6 9. Be2 Nbd7 10. O-O Ne4
11. Qd3 f5
0-1

[Event "Fast February Frolic"]
[Site "SchemingMind.com"]
[Date "2007.02.19"]
[Round "-"]
[White "pinkfloydhomer"]
[Black "Zugzwang"]
[Result "1-0"]
[WhiteCountry "DEN"]
[BlackCountry "CAN"]
[WhiteElo "1908"]
[WhiteRD "137"]
[BlackElo "1446"]
[BlackRD "58"]
[GameID "93042"]

1. e4 e5 2. d4 exd4 3. Nf3 c6 4. Qxd4 Qa5+ 5. Bd2 Qb6 6. Qe5+ Ne7 7. Bc4 f6 8. Qh5+ g6 9. Qh4 c5 10. O-O Qxb2
11. Bc3 Qxc2 12. Qxf6
1-0

[Event "Fast February Frolic"]
[Site "SchemingMind.com"]
[Date "2007.02.19"]
[Round "-"]
[White "pinkfloydhomer"]
[Black "kobby"]
[Result "1-0"]
[WhiteCountry "DEN"]
[BlackCountry "ENG"]
[WhiteElo "1908"]
[WhiteRD "137"]
[BlackElo "1568"]
[BlackRD "76"]
[GameID "93043"]

1. e4 e6 2. d4 d5 3. Nd2 a6 4. Ngf3 c5 5. c3 dxe4 6. Nxe4 cxd4 7. Nxd4 Bc5 8. Nxc5 e5 9. Nf3 Qxd1+ 10. Kxd1 Nc6
11. Ne4 Bf5 12. Nd6+ Ke7 13. Nxf5+ Kf6 14. Ng3 h6 15. Bd3 Rd8 16. Kc2 g6 17. Bd2 Kg7 18. Rae1 Re8 19. Be4 Nge7 20. Re2 Rc8
21. Kb1 Rhd8 22. Rhe1 Na5 23. Nxe5 f6 24. Nf3 Nec6 25. Bxc6 Nxc6 26. Nd4 Ne5 27. Ne6+ Kh7 28. Nxd8 Rxd8 29. Kc2 h5 30. f4 Nc6
31. f5 h4 32. fxg6+ Kxg6 33. Ne4 b5 34. Nxf6 Rc8 35. Rf2 b4 36. Nd5 Kg7 37. Ne7 Rc7 38. Nxc6 Rxc6 39. Re4 bxc3 40. Bxc3+ Kg8
41. Rf3 a5 42. Rg4+ Kh7 43. Rf8
1-0

[Event "Fast February Frolic"]
[Site "SchemingMind.com"]
[Date "2007.02.19"]
[Round "-"]
[White "pinkfloydhomer"]
[Black "ekulrac"]
[Result "1-0"]
[WhiteCountry "DEN"]
[BlackCountry "SCO"]
[WhiteElo "2002"]
[WhiteRD "102"]
[BlackElo "1711"]
[BlackRD "50"]
[GameID "93044"]

1. e4 Nc6 2. d4 e5 3. d5 Nce7 4. d6 cxd6 5. Qxd6 Ng6 6. Qd1 Bc5 7. Nf3 Nf6 8. Bd3 O-O 9. O-O d6 10. Nc3 a6
11. Bg5 h6 12. Bxf6 Qxf6 13. Nd5 Qd8 14. Bc4 Be6 15. c3 Nf4 16. Qd2 b5 17. Bb3 a5 18. Nxf4 exf4 19. Qxf4 a4 20. Bd5 Bxd5
21. exd5 Qb6 22. Qd2 Rfe8 23. Rfe1 b4 24. Rxe8+ Rxe8 25. Re1 Rxe1+ 26. Nxe1 b3 27. axb3 Qxb3 28. h3 Qa2 29. Nf3 Qb1+ 30. Kh2 Qf1
31. Nd4 Qc4 32. Nf5 Qe4 33. Ng3 Qe5 34. f4 Qe7 35. Qe2 Qf6 36. Qe8+ Kh7 37. Qxa4 g5 38. Qe4+ Kg8 39. fxg5 hxg5 40. Qf5 Qxf5
41. Nxf5 f6 42. g4 Kf7 43. Kg2 Ke8 44. b4
1-0

[Event "Fast February Frolic"]
[Site "SchemingMind.com"]
[Date "2007.02.19"]
[Round "-"]
[White "pinkfloydhomer"]
[Black "megapixel"]
[Result "1-0"]
[WhiteCountry "DEN"]
[BlackCountry "ENG"]
[WhiteElo "2002"]
[WhiteRD "102"]
[BlackElo "1753"]
[BlackRD "99"]
[GameID "93045"]

1. e4 c5 2. Nf3 g6 3. Bc4 Bg7 4. c3 d6 5. O-O Nf6 6. Re1 O-O 7. d4 Nbd7 8. Bg5 Nb6 9. Bb3 cxd4 10. cxd4 Nfd7
11. Nc3 Kh8 12. Qd2 f6 13. Bh6 e5 14. Nb5 exd4 15. Bxg7+ Kxg7 16. Nxd6 Nc5 17. Nxd4 Nxb3 18. Nxb3 Be6 19. Nxb7 Qxd2 20. Nxd2 Na4
21. b3 Rab8 22. Nd6 Nb2 23. Rac1 a5 24. Rc7+ Kh6 25. Re7 Bg8 26. Re3 Rfd8 27. Rh3+
1-0

[Event "Fast February Frolic"]
[Site "SchemingMind.com"]
[Date "2007.02.19"]
[Round "-"]
[White "pinkfloydhomer"]
[Black "Deceptor"]
[Result "1-0"]
[WhiteCountry "DEN"]
[BlackCountry "USA"]
[WhiteElo "2002"]
[WhiteRD "102"]
[BlackElo "1330"]
[BlackRD "122"]
[GameID "93046"]

1. e4 c5 2. Nf3 Nc6 3. c3 Nf6 4. e5 Nd5 5. d4 cxd4 6. cxd4 d6 7. Bc4 Nb6 8. Bb3 d5 9. h3 Bf5 10. O-O e6
11. Nc3 Be7 12. Be3 O-O 13. Rc1
1-0

[Event "Fast February Frolic"]
[Site "SchemingMind.com"]
[Date "2007.02.19"]
[Round "-"]
[White "Zugzwang"]
[Black "pinkfloydhomer"]
[Result "0-1"]
[WhiteCountry "CAN"]
[BlackCountry "DEN"]
[WhiteElo "1478"]
[WhiteRD "59"]
[BlackElo "2002"]
[BlackRD "102"]
[GameID "93047"]

1. d4 d5 2. Nf3 Nf6 3. e3 c6 4. Bd3 Bg4 5. Nbd2 e6 6. c4 Bd6 7. Qb3 Qc7 8. e4 Bxf3 9. gxf3 dxe4 10. fxe4 e5
11. Nf3 Nbd7 12. d5 cxd5 13. exd5 e4 14. Bxe4 Nxe4 15. O-O O-O 16. Kh1 Ne5 17. Nxe5 Bxe5 18. Rg1 Nxf2+ 19. Kg2 Bd4 20. Be3 Bxe3
21. Qxe3 Ng4 22. Qg3 Qxg3+ 23. Kxg3 Ne3 24. b3 f5 25. Kf4 Rae8 26. d6 Re4+ 27. Kf3 Rfe8 28. d7 Rd8 29. Rge1 Nc2 30. Rxe4 fxe4+
0-1

[Event "Fast February Frolic"]
[Site "SchemingMind.com"]
[Date "2007.02.19"]
[Round "-"]
[White "kobby"]
[Black "pinkfloydhomer"]
[Result "0-1"]
[WhiteCountry "ENG"]
[BlackCountry "DEN"]
[WhiteElo "1568"]
[WhiteRD "76"]
[BlackElo "1908"]
[BlackRD "137"]
[GameID "93048"]

1. e3 e5 2. d4 e4 3. c4 Nf6 4. c5 d5 5. cxd6 cxd6 6. Nc3 d5 7. Qa4+ Bd7 8. Bb5 Be7 9. Qb3 Bxb5 10. Qxb5+ Qd7
11. Qb3 Nc6 12. Nge2 Bb4 13. O-O O-O 14. a3 Bd6 15. g3 Qh3 16. Nxd5 Ng4 17. Ndf4 Qxh2#
0-1

[Event "Fast February Frolic"]
[Site "SchemingMind.com"]
[Date "2007.02.19"]
[Round "-"]
[White "ekulrac"]
[Black "pinkfloydhomer"]
[Result "0-1"]
[WhiteCountry "SCO"]
[BlackCountry "DEN"]
[WhiteElo "1711"]
[WhiteRD "50"]
[BlackElo "2002"]
[BlackRD "102"]
[GameID "93049"]

1. e4 e5 2. Nf3 Nf6 3. Nxe5 d6 4. Nf3 Nxe4 5. Be2 Be7 6. d3 Nf6 7. O-O O-O 8. Nc3 d5 9. d4 c6 10. Ne5 Bf5
11. Bd3 Bxd3 12. cxd3 Nbd7 13. f4 Qb6 14. Rf3 Nxe5 15. fxe5 Qxd4+ 16. Be3 Qxe5 17. d4 Qc7 18. Bf4 Bd6 19. Bxd6 Qxd6 20. Rf5 Rae8
21. Qf1 Ng4 22. Rh5 Qg6 23. Qf5 Qxf5 24. Rxf5 Re6 25. h3 Nf6 26. Raf1 Ne4 27. Kh2 f6 28. g4 Nxc3 29. bxc3 Rfe8 30. Kg3 Re3+
31. R5f3 Rxf3+ 32. Kxf3 Re4 33. Kg2 Re2+ 34. Rf2 Rxf2+ 35. Kxf2 Kf7
0-1

[Event "Fast February Frolic"]
[Site "SchemingMind.com"]
[Date "2007.02.19"]
[Round "-"]
[White "megapixel"]
[Black "pinkfloydhomer"]
[Result "0-1"]
[WhiteCountry "ENG"]
[BlackCountry "DEN"]
[WhiteElo "1753"]
[WhiteRD "99"]
[BlackElo "2002"]
[BlackRD "102"]
[GameID "93050"]

1. e4 e5 2. Nf3 Nf6 3. Nxe5 d6 4. Nf3 Nxe4 5. Nc3 Nxc3 6. dxc3 Be7 7. Bf4 Nc6 8. Qd2 Be6 9. Be2 Qd7 10. h3 Bf6
11. Nd4 Nxd4 12. cxd4 O-O 13. d5 Bf5 14. c3 Rfe8 15. O-O Re7 16. Rae1 Rae8 17. Bf3 Be5 18. Bh2 Bd3 19. Rxe5 dxe5 20. Qxd3 e4
21. Bxe4 Rxe4 22. f3 Re2 23. Rf2 Re1+ 24. Rf1 Qe7
0-1

[Event "Fast February Frolic"]
[Site "SchemingMind.com"]
[Date "2007.02.19"]
[Round "-"]
[White "Deceptor"]
[Black "pinkfloydhomer"]
[Result "0-1"]
[WhiteCountry "USA"]
[BlackCountry "DEN"]
[WhiteElo "1330"]
[WhiteRD "122"]
[BlackElo "2002"]
[BlackRD "102"]
[GameID "93051"]

1. d4 d5 2. c4 c6 3. e3 Nf6 4. Nc3 Bg4 5. Be2 Bxe2 6. Qxe2 e6 7. Nf3 Bd6 8. O-O O-O 9. b3 Nbd7 10. Bb2 Qc7
11. e4 Nxe4 12. Nxe4 dxe4 13. Qxe4 Nf6 14. Qh4 Rad8 15. Ne5 Nd7
0-1

[Event "Fast February Frolic"]
[Site "SchemingMind.com"]
[Date "2007.02.19"]
[Round "-"]
[White "marble"]
[Black "Zugzwang"]
[Result "1/2-1/2"]
[WhiteCountry "ENG"]
[BlackCountry "CAN"]
[WhiteElo "1564"]
[WhiteRD "59"]
[BlackElo "1478"]
[BlackRD "59"]
[GameID "93076"]

1. e4 e5 2. Nf3 Nf6 3. Nc3 Bb4 4. Bc4 O-O 5. O-O Nc6 6. d3 Bxc3 7. bxc3 d5 8. exd5 Nxd5 9. Bxd5 Qxd5 10. c4 Qd6
11. h3 f5 12. a4 Nd4 13. Nxd4 Qxd4 14. Be3 Qh4 15. Bc5 Rf6 16. Be7 f4 17. Bxf6 Qxf6 18. Qf3 c6 19. Rfe1 Bd7 20. Re2 e4
21. Rxe4 Qxa1+ 22. Kh2 Rf8 23. Re7 Rd8 24. Qxf4 Qf6 25. Qe3 Qd6+ 26. g3 Rf8 27. c5 Qf6 28. Rxd7 Qxf2+ 29. Qxf2 Rxf2+ 30. Kg1 Rxc2
31. Rxb7 Rxc5 32. Rxa7 Rc3 33. Ra8+ Kf7 34. a5 Rxd3 35. a6 Rd7 36. Kf2=
1/2-1/2